Bonding : (Record no. 29561)
[ view plain ]
| 000 -LEADER | |
|---|---|
| fixed length control field | 01196cam a2200361 a 4500 |
| 001 - CONTROL NUMBER | |
| control field | 29561 |
| 003 - CONTROL NUMBER IDENTIFIER | |
| rucl marc code | BD-RjUL |
| 005 - DATE AND TIME OF LATEST TRANSACTION | |
| control field | 20211209051428.0 |
| 008 - FIXED-LENGTH DATA ELEMENTS--GENERAL INFORMATION | |
| fixed length control field | 140403s1983 nyua b 001 0 eng |
| 020 ## - INTERNATIONAL STANDARD BOOK NUMBER | |
| International Standard Book Number | 080162696X (pbk.) |
| 035 ## - SYSTEM CONTROL NUMBER | |
| System control number | (BD-RjUL)29646 |
| 040 ## - CATALOGING SOURCE | |
| Original cataloging agency | DLC |
| Transcribing agency | DLC |
| Modifying agency | DLC |
| -- | BD-RjUL |
| Language of cataloging | eng |
| 041 ## - LANGUAGE CODE | |
| Language code of text/sound track or separate title | eng |
| 060 ## - NATIONAL LIBRARY OF MEDICINE CALL NUMBER | |
| Classification number | WS 105.5.F2 K63b |
| 082 00 - DEWEY DECIMAL CLASSIFICATION NUMBER | |
| Classification number | 155.646 |
| Edition number | 19 |
| Author mark and year | KLB 1983 |
| 100 1# - MAIN ENTRY--PERSONAL NAME | |
| Personal name | Klaus, Marshall H., |
| Dates associated with a name | 1927- |
| 9 (RLIN) | 90089 |
| 245 10 - TITLE STATEMENT | |
| Title | Bonding : |
| Remainder of title | the beginnings of parent-infant attachment / |
| Statement of responsibility, etc. | Marshall H. Klaus, John H. Kennell ; Antonia W. Hamilton, editor. |
| 260 ## - PUBLICATION, DISTRIBUTION, ETC. (IMPRINT) | |
| Place of publication, distribution, etc. | New York : |
| Name of publisher, distributor, etc. | New American Library, |
| Date of publication, distribution, etc. | 1983. |
| 300 ## - PHYSICAL DESCRIPTION | |
| Pagination | xi, 203 p. : |
| Illustrations | ill. ; |
| Size | 23 cm. |
| 500 ## - GENERAL NOTE | |
| General note | Rev. ed. of: Parent-infant bonding. 2nd ed. 1976. |
| General note | "A Plume book." |
| General note | Includes index. |
| 504 ## - BIBLIOGRAPHY, ETC. NOTE | |
| Bibliography, etc | Bibliography: p. 192-196. |
| 650 #0 - SUBJECT ADDED ENTRY--TOPICAL TERM | |
| Topical term or geographic name as entry element | Parent and infant. |
| 9 (RLIN) | 90091 |
| Topical term or geographic name as entry element | Infant psychology. |
| 9 (RLIN) | 5509 |
| Topical term or geographic name as entry element | Parent-child relations. |
| 9 (RLIN) | 3964 |
| 700 1# - ADDED ENTRY--PERSONAL NAME | |
| Personal name | Kennell, John H., |
| Dates associated with a name | 1922-2013. |
| Personal name | Hamilton, Antonia W. |
| 942 ## - ADDED ENTRY ELEMENTS (KOHA) | |
| Source of classification or shelving scheme | Dewey Decimal Classification |
| Koha item type | Books |
| Lost status | Source of classification or shelving scheme | Damaged status | Not for loan | Collection code | Permanent Location | Current Location | Shelving location | Date acquired | Source of acquisition | Cost, normal purchase price | Total Checkouts | Full call number | Date last seen | Copy number | Koha item type |
|---|---|---|---|---|---|---|---|---|---|---|---|---|---|---|---|
| Dewey Decimal Classification | Non-fiction | Central Library, University of Rajshahi | Central Library, University of Rajshahi | 05/11/1992 | Asia Foundation | 0.00 | 155.646 KLB 1983 | 03/04/2014 | C-4 | Books | |||||
| Dewey Decimal Classification | Non-fiction | Central Library, University of Rajshahi | Central Library, University of Rajshahi | 05/11/1992 | Asia Foundation | 0.00 | 155.646 KLB 1983 | 03/04/2014 | C-3 | Books | |||||
| Dewey Decimal Classification | Non-fiction | Central Library, University of Rajshahi | Central Library, University of Rajshahi | 21/06/1989 | Author | 155.646 KLB 1983 | 12/11/2016 | C-2 | Books |